| 000 | 00810nam a2200205Ia 4500 | ||
|---|---|---|---|
| 001 | 5746 | ||
| 003 | GE_BSU | ||
| 008 | 181216s||||||||xx |||||||||||||| ||und|| | ||
| 040 | _cGE_BSU | ||
| 080 | _a517.91 | ||
| 100 | _aДеч Г. | ||
| 245 | _aРуководство к практическому применению Лапласа с приложением таблиц | ||
| 245 | _cСоставленных Р. Гершелем Пер со второго немецкогоо изд. А. Вольперта с предисл. Я.З. Цылкина | ||
| 260 | _aМосква | ||
| 260 | _bНаука, | ||
| 260 | _c1965. | ||
| 300 | _a287с22 см. | ||
| 653 | _aРуководствокпрактическому применениялапласа с приложением | ||
| 942 | _cBK | ||
| 999 |
_c39163 _d39163 |
||